Statistiken für Größte Skandinavische Städte

Klicken Sie hier um das Quiz zu spielen!

Allgemein

  • Dieses Quiz wurde 572 mal gespielt
  • Das Durchschnittsergebnis liegt bei 13 aus 27

Antwortstatistiken

EinwohnerzahlLandGroßstädte% Korrekt
648.042FinnlandHelsinki
99%
693.494NorwegenOslo
99%
974.073SchwedenStockholm
99%
623.404DäemarkKøbenhavn
98%
316.588SchwedenMalmö
92%
572.799SchwedenGöteborg
89%
283.929NorwegenBergen
86%
205.163NorwegenTrondheim
67%
277.086DänemarkAarhus
64%
128.793IslandReykjavik
58%
191.331FinnlandTurku
52%
168.096SchwedenUppsala
52%
115.908DänemarkÅlborg
48%
179.601DänemarkOdense
44%
143.574NorwegenStavanger
43%
235.239FinnlandTampere
42%
203.567FinnlandOulu
40%
283.632FinnlandEspoo
27%
104.250SchwedenHelsingborg
24%
119.951FinnlandLahti
22%
106.502SchwedenLinköping
20%
115.765SchwedenÖrebro
14%
228.166FinnlandVantaa
12%
118.664FinnlandKoupio
10%
117.746SchwedenVästerås
9%
141.305FinnlandJyväskylä
7%
118.588NorwegenSandvika
0%

Verteilung der Resultate

Perzentil nach korrekt beantworteten Fragen

Anzahl Personen mit jedem Resultat

Ihre Resultats-Entwicklung

Sie haben dieses Quiz noch nicht gespielt